Advances in plant protection sciences (Record no. 42502)

MARC details
000 -LEADER
fixed length control field 00498nam a2200181Ia 4500
020 ## - INTERNATIONAL STANDARD BOOK NUMBER
ISBN 8187606533
082 ## - DEWEY DECIMAL CLASSIFICATION NUMBER
Classification number 632.937
Item number PRA
100 ## - MAIN ENTRY--AUTHOR NAME
Personal name Prasad, D
245 #0 - TITLE STATEMENT
Title Advances in plant protection sciences
260 ## - PUBLICATION, DISTRIBUTION, ETC. (IMPRINT)
Place of publication New Delhi
Name of publisher Akansha Pub House
Year of publication 2004
650 ## - SUBJECT ADDED ENTRY--TOPICAL TERM
Topical Term Eco friendly management
650 ## - SUBJECT ADDED ENTRY--TOPICAL TERM
Topical Term Insect pest management
650 ## - SUBJECT ADDED ENTRY--TOPICAL TERM
Topical Term Plant disease management
650 ## - SUBJECT ADDED ENTRY--TOPICAL TERM
Topical Term Weed management
700 ## - ADDED ENTRY--PERSONAL NAME
Personal name Singh, Amerika
942 ## - ADDED ENTRY ELEMENTS (KOHA)
Koha item type Books
Holdings
Withdrawn status Lost status Damaged status Not for loan Home library Current library Date acquired Cost, normal purchase price Full call number Accession Number Koha item type
        RRII Library RRII Library 16/12/2021 1800.00 632.937 PRA 22774 Books